Hide and Seek - Capitals - Statistics

General Stats
  • This quiz has been taken 11 times
  • The average score is 7 of 10
Answer Stats
Answer % Correct
They all start with the letter "D".
91%
Dakar
82%
Dhaka
82%
Dili
82%
Djibouti
73%
Dublin
73%
Dushanbe
73%
Damascus
64%
Dodoma
64%
Doha
64%
No matching quizzes found
Score Distribution
Percent of People with Each Score
Percentile by Number Answered
Your Score History
You have not taken this quiz